|
|
|
|
| LEADER |
00000nab a2200000 a 4500 |
| 001 |
vtls000574731 |
| 003 |
SK-MaSNL |
| 005 |
20260303191119.0 |
| 008 |
120929c1994 xo 0 slo |
| 015 |
|
|
|a SNBRA19rr/mm-uuuuu
|
| 035 |
|
|
|a CL0574869
|
| 040 |
|
|
|a SNKBUCL
|b slo
|c SNKBUCL
|e AACR2
|
| 041 |
0 |
|
|a slo
|
| 044 |
|
|
|a xo
|c SK
|
| 080 |
|
|
|a 372.862:62
|2 1981
|
| 080 |
|
|
|a 62
|2 1981
|
| 080 |
|
|
|a 373.3
|2 1981
|
| 100 |
1 |
|
|a Beisetzer, Peter,
|d 1953-
|4 aut
|9 220078
|
| 245 |
1 |
0 |
|a K zefektívňovaniu výučby technickej výchovy v základnej škole
|c Peter Beisetzer
|
| 300 |
|
|
|b Lit. 6 zázn. v slov.
|
| 650 |
0 |
7 |
|a technická výchova
|2 snkbucl
|9 3563
|
| 650 |
0 |
7 |
|a školy základné
|2 snkbucl
|9 390867
|
| 655 |
|
7 |
|a články zo zborníkov
|2 snkbucl
|9 166140
|
| 773 |
0 |
|
|t Acta Facultatis paedagogicae Universitatis Šafarikanae. Prírodné vedy - matematika, fyzika, technika 25
|d Prešov : Univerzita P. J. Šafárika, 1994
|g S. 141-144
|z 8088697093
|
| 850 |
|
|
|a Slovenská národná knižnica v Martine
|a MTA001
|
| 852 |
|
|
|a SNK
|b KIS3GCP
|
| 958 |
|
|
|a RK
|
| 992 |
|
|
|a RZB
|
| 999 |
|
|
|c 2139451
|d 2141381
|